| 000 | 00961nam a22003137a 4500 | ||
|---|---|---|---|
| 001 | BR0804363 | ||
| 003 | BR-BrBNA | ||
| 005 | 20230928102630.0 | ||
| 007 | ta | ||
| 008 | 230509b bl.||||| |||| 00| 0 por d | ||
| 040 |
_aBR-BrBNA _bpor _cBiblioteca Nacional de Agricultura |
||
| 041 | _a(Por) | ||
| 072 | _aE70 | ||
| 090 | _ E70 BR0804363 | ||
| 100 | 1 | _aRibeiro, E.M. | |
| 110 | 1 | _aBanco do Nordeste do Brasil S.A., Fortaleza, CE (Brasil) | |
| 110 | 1 | _aUniversidade Federal de Lavras, MG (Brasil) | |
| 245 | 1 | _aFeiras do Jequitinhonha: mercados, cultura e trabalho de famílias rurais no semi-árido de Minas Gerais | |
| 260 | 3 |
_aFortaleza, CE (Brasil): _c2007. |
|
| 300 | _a244 p. | ||
| 500 | _aBibliography p. 214-224; 27 tables; 17 illus. | ||
| 650 | _aFEIRA | ||
| 650 | _aAGRICULTURA FAMILIAR | ||
| 650 | _aMERCADO | ||
| 650 | _aDESENVOLVIMENTO RURAL | ||
| 650 | _aMINAS GERAIS | ||
| 909 |
_a202309 _bLucia _c55 _dLucia Elande |
||
| 942 | _cBK | ||
| 999 |
_c71761 _d71761 |
||